NFL: Players with 150+ Yards in Playoff games since 2015 - Statistics

General Stats
  • This quiz has been taken 140 times
    27 since last reset
  • The average score is 21 of 29
Answer Stats
Season Player Position Yards Team % Correct
2024 Derrick Henry RB 186 Baltimore Ravens
95%
2019 Derrick Henry RB 182 Tennessee Titans
95%
2019 Derrick Henry RB 195 Tennessee Titans
95%
2017 Derrick Henry RB 156 Tennessee Titans
95%
2025 Jaxon Smith-Njigba WR 153 Seattle Seahawks
95%
2025 Puka Nacua WR 165 Los Angeles Rams
95%
2023 Puka Nacua WR 181 Los Angeles Rams
95%
2019 Davante Adams WR 160 Green Bay Packers
91%
2020 Juju Smith Schuster WR 157 Pittsburgh Steelers
91%
2024 Saquon Barkley RB 205 Philadelphia Eagles
91%
2021 Tyreek Hill WR 150 Kansas City Chiefs
82%
2020 Tyreek Hill WR 172 Kansas City Chiefs
82%
2021 Cooper Kupp WR 183 Los Angeles Rams
77%
2019 DK Metcalf WR 160 Seattle Seahawks
73%
2018 Julian Edelman WR 151 New England Patriots
73%
2016 Julio Jones WR 180 Atlanta Falcons
73%
2015 Larry Fitzgerald WR 176 Arizona Cardinals
68%
2016 Leveon Bell RB 167 Pittsburgh Steelers
68%
2016 Leveon Bell RB 170 Pittsburgh Steelers
68%
2018 Michael Thomas WR 171 New Orleans Saints
68%
2024 Xavier Worthy WR 157 Kansas City Chiefs
64%
2024 Ladd McConkey WR 197 Los Angeles Chargers
59%
2023 Romeo Doubs WR 151 Green Bay Packers
55%
2017 Danny Amendola WR 152 New England Patriots
50%
2021 Gabriel Davis WR 201 Buffalo Bills
50%
2019 Raheem Mostert RB 220 San Francisco 49ers
50%
2015 Martavis Bryant WR 154 Pittsburgh Steelers
27%
2016 Thomas Rawls RB 161 Seattle Seahawks
27%
2016 Chris Hogan WR 180 New England Patriots
23%
No matching quizzes found
Score Distribution
Percent of People with Each Score
Percentile by Number Answered
Your Score History
You have not taken this quiz since the last reset